00558nam a2200241Ia 4500008004000000020001800040041000800058082001600066100002100082245007100103260002400174300001100198650001200209650000700221650001400228650000700242650001000249650001000259650001300269650001300282650001100295650001000306210210b2008 xxu||||| |||| 00| 0 eng d a9788124801727 aeng aH891.7 JAVJ aJAVLI (Je Pi Es) aJavli ankal hanso hansavo: tahakon se barpur dirghayu ki sanjivani aNayi Dillib-c2008 aix,164 atahakon ase asanjivani aki aJavli ahanso ahansavo: adirghayu abarpur aankal